Central Library OPAC University of Rajshahi

Thomas De Quincey : (Record no. 23567)

MARC details
000 -LEADER
fixed length control field 00808cam a22002651 4500
001 - CONTROL NUMBER
control field 23567
003 - CONTROL NUMBER IDENTIFIER
rucl marc code BD-RjUL
005 - DATE AND TIME OF LATEST TRANSACTION
control field 20211209000939.0
008 - FIXED-LENGTH DATA ELEMENTS--GENERAL INFORMATION
fixed length control field 140311s1936 nyu 001 0beng
035 ## - SYSTEM CONTROL NUMBER
System control number (BD-RjUL)23632
System control number (OCoLC)358695
040 ## - CATALOGING SOURCE
Original cataloging agency DLC
Transcribing agency ODaWU
Modifying agency TNJ
-- DLC
-- BD-RjUL
Language of cataloging eng
041 ## - LANGUAGE CODE
Language code of text/sound track or separate title eng
082 00 - DEWEY DECIMAL CLASSIFICATION NUMBER
Classification number 928.2
Author mark and year EAT 1936
100 1# - MAIN ENTRY--PERSONAL NAME
Personal name Eaton, Horace Ainsworth,
Dates associated with a name 1871-
9 (RLIN) 72545
245 10 - TITLE STATEMENT
Title Thomas De Quincey :
Remainder of title a biography /
Statement of responsibility, etc. by Horace Ainsworth Eaton.
260 ## - PUBLICATION, DISTRIBUTION, ETC. (IMPRINT)
Place of publication, distribution, etc. New York :
Name of publisher, distributor, etc. Oxford university press,
Date of publication, distribution, etc. 1936.
300 ## - PHYSICAL DESCRIPTION
Pagination xiii p., 1 l., 542 p. :
Illustrations ill. ;
Size 23 cm.
500 ## - GENERAL NOTE
General note "First edition."
504 ## - BIBLIOGRAPHY, ETC. NOTE
Bibliography, etc Bibliography: p. 525-529 and index.
600 10 - SUBJECT ADDED ENTRY--PERSONAL NAME
Personal name De Quincey, Thomas,
Dates associated with a name 1785-1859.
942 ## - ADDED ENTRY ELEMENTS (KOHA)
Source of classification or shelving scheme Dewey Decimal Classification
Koha item type Books
Holdings
Lost status Source of classification or shelving scheme Damaged status Not for loan Collection code Permanent Location Current Location Shelving location Date acquired Source of acquisition Cost, normal purchase price Total Checkouts Full call number Date last seen Copy number Koha item type
  Dewey Decimal Classification   Added to bundle Non-fiction Central Library, University of Rajshahi Central Library, University of Rajshahi Reading Room 26/02/1955 O. U. P. 22.80   928.2 EAT 1936 11/03/2014 C-1 Books